(你是我的好朋友) : (Record no. 10055)

MARC details
000 -LEADER
fixed length control field 00518nam a22001817a 4500
001 - CONTROL NUMBER
control field 10055
003 - CONTROL NUMBER IDENTIFIER
control field FISKH
005 - DATE AND TIME OF LATEST TRANSACTION
control field 20260402104835.0
008 - FIXED-LENGTH DATA ELEMENTS--GENERAL INFORMATION
fixed length control field 260402b cb ||||| |||| 00| 0 eng d
020 ## - INTERNATIONAL STANDARD BOOK NUMBER
International Standard Book Number 9787552547443
040 ## - CATALOGING SOURCE
Original cataloging agency FISKH
Language of cataloging bing (chi-eng)
Transcribing agency FISKH
Modifying agency FISKH
082 ## - DEWEY DECIMAL CLASSIFICATION NUMBER
Classification number H319.4
100 ## - MAIN ENTRY--PERSONAL NAME
Personal name 欣金星文化编
245 ## - TITLE STATEMENT
Title (你是我的好朋友) :
Remainder of title You are my good friend /
Statement of responsibility, etc. 欣金星文化编
300 ## - PHYSICAL DESCRIPTION
Extent 31 pages :
Other physical details color illustrations ;
Dimensions 22 cm .
942 ## - ADDED ENTRY ELEMENTS (KOHA)
Source of classification or shelving scheme Dewey Decimal Classification
Koha item type Chinese Book
Suppress in OPAC No
Holdings
Withdrawn status Lost status Source of classification or shelving scheme Damaged status Not for loan Collection Home library Current library Shelving location Date acquired Total Checkouts Full call number Barcode Date last seen Price effective from Koha item type
    Dewey Decimal Classification     Reference Footprints International School Library Network Toul Tom Poung Campus Footprints International School Library Network Toul Tom Poung Campus Librarian's Shelf TTP 04/02/2026   欣金星文化编 H319.4 2026-0436 04/02/2026 04/02/2026 Chinese Book